00660nam a2200193 a 4500008004100000020002300041100002300064245009000087260004300177300003500220504005400255650003300309650002800342650004000370650002900410003000100439005001700440040000900457  a1856288706 (cased)1 aNdlovu, Lindani B.14aThe system of protection and industrial development in Zimbabwe /cLindani B. Ndlovu. aAldershot, England :bAvebury,c1994. axvii, 228 p. :bill. ;c23 cm. aIncludes bibliographical references: p. 215-228. 0aZimbabwexCommercial policy. 0aZimbabwexManufactures. 0aForeign trade regulationzZimbabwe. 0aProtectionismzZimbabwe.20230123133355.0 cNUST